000
00307nam a22001337a 4500
008
170524b xxu||||| |||| 00| 0 eng d
020
_a
0137949901
041
_a
eng
080
_2
2ND
_a
62
100
_a
26
101
_a
IM
245
_a
THE SCIENCE OF ENGINEERING MATERIALS
_c
SMITH, CH.O
942
_2
udc
_c
BK
999
_c
14017
_d
14017